00351nam a2200121Ia 4500008004100000020002200041041000800063082002800071100001800099245006700117260003700184300000800221230411s9999 xx 000 0 und d a978-93-5152-638-4 aeng aOG/610.73678/JAC/B05625 aJacob Annamma aComprehensive Textbook of Midwifery and Gynaecological Nursing bJaypee BrothersaNew Delhic2015 a993